The Master The Brilliant Career of Roger Federer (Record no. 12132)

MARC details
000 -LEADER
fixed length control field 00299nam a22000977a 4500
008 - FIXED-LENGTH DATA ELEMENTS--GENERAL INFORMATION
fixed length control field 221104b |||||||| |||| 00| 0 eng d
020 ## - INTERNATIONAL STANDARD BOOK NUMBER
International Standard Book Number 9781529342062
100 ## - MAIN ENTRY--PERSONAL NAME
Personal name Clarey Christopher
9 (RLIN) 7618
245 ## - TITLE STATEMENT
Title The Master The Brilliant Career of Roger Federer
260 ## - PUBLICATION, DISTRIBUTION, ETC. (IMPRINT)
Place of publication, distribution, etc. London
Name of publisher, distributor, etc. John Murray Publications
Date of publication, distribution, etc. 2021
Holdings
Withdrawn status Lost status Source of classification or shelving scheme Damaged status Koha normalized classification for sorting Not for loan Home library Current library Shelving location Date acquired Total Checkouts Full call number Barcode Date last seen Price effective from Koha item type
    Dewey Decimal Classification   CLA_927_000000000000000   Good Samaritan School Library Good Samaritan School Library History 11/04/2022   CLA927 CLA17362 11/04/2022 11/04/2022 BOOK

Powered by Koha